Biggest Cities without a Metro System - Statistics

General Stats
  • This quiz has been taken 631 times
  • The average score is 8 of 20
Answer Stats
Rank Population Answer % Correct
1 28,900,000 Jakarta
79%
4 17,600,000 Lagos
73%
2 25,100,000 Karachi
63%
6 10,900,000 Kinshasa
59%
3 17,900,000 Dhaka
57%
7 10,500,000 Lahore
50%
9 9,500,000 Bogotá
49%
5 13,100,000 Johannesburg
49%
14 7,450,000 Luanda
38%
18 6,350,000 Houston
37%
17 6,750,000 Dallas
36%
11 8,300,000 Ho Chi Minh City
35%
16 6,900,000 Riyadh
35%
15 7,000,000 Baghdad
34%
10 9,200,000 Hyderabad
33%
13 7,650,000 Ahmedabad
28%
19 6,250,000 Pune
21%
20 6,050,000 Bandung
17%
8 10,100,000 Xiamen
14%
12 8,150,000 Shantou
5%
No matching quizzes found
Score Distribution
Percent of People with Each Score
Percentile by Number Answered
Your Score History
You have not taken this quiz